1964 год: т. II; Геологическая литература СССР

Podrobná bibliografie
Parent link:Геологическая литература СССР: библиографический ежегодник/ Всесоюзная геологическая библиотека. 1964 год: т. II.— , 1955-1990
Další autoři: Куликов М. В. (редактор), Соловьев С. П.
Jazyk:ruština
Vydáno: Саратов, Недра, 1974
Témata:
Médium: MixedMaterials Kniha
KOHA link:https://koha.lib.tpu.ru/cgi-bin/koha/opac-detail.pl?biblionumber=103953

MARC

LEADER 00000nam2a2200000 4500
001 103953
005 20231031113818.0
035 |a (RuTPU)RU\TPU\book\112062 
035 |a RU\TPU\book\112007 
090 |a 103953 
100 |a 20061024g1974 k y0rusy50 ca 
101 0 |a rus 
102 |a RU 
105 |a y a 001zy 
200 0 |a 1964 год: т. II  |f под ред. М. В. Куликова, С. П. Соловьева 
210 |a Саратов  |c Недра  |d 1974 
215 |a 364 с. 
320 |a Указ. в конце кн.: с. 185-363 
461 1 |0 (RuTPU)RU\TPU\book\111984  |t Геологическая литература СССР  |o библиографический ежегодник  |f Всесоюзная геологическая библиотека  |v 1964 год: т. II  |d 1955-1990 
610 1 |a библиографические указатели 
610 1 |a геология 
610 1 |a ежегодники 
675 |a 55(с)(01)  |v 3 
686 |a Я19:55  |v LBC/SL-A  |2 rubbk 
702 1 |a Куликов  |b М. В.  |4 340 
702 1 |a Соловьев  |b С. П.  |4 340 
801 1 |a RU  |b 63413507  |c 20061023  |g PSBO 
801 2 |a RU  |b 63413507  |c 20170824  |g PSBO 
942 |c BK